000
00256nam a2200097Ia 4500
001
1172724
005
20250827012600.0
008
250824s9999 xx 000 0 und d
245
0
_a
ENDER KUŞ
_c
SHELLY PEARSALL
260
_b
GÜNIŞIGI KİTAPLIĞI YAYINLARI
999
_c
1172724
_d
1172724